| 000 | 00887nam a22002297a 4500 | ||
|---|---|---|---|
| 999 |
_c8430 _d8430 |
||
| 003 | AR-CdUCM | ||
| 008 | 190325b ||||| |||| 00| 0 spa d | ||
| 040 |
_aMUNICIPALIDAD PROVINCIAL DEL CUSCO _cBIBLIOTECA MUNICIPAL DEL CUSCO |
||
| 082 |
_a985.008 / _bC73 |
||
| 110 |
_aComisión nacional del sesquicentenario de la independencia del Perú _921855 |
||
| 245 | _aMisiones y documentación de cancillerías extranjeras / | ||
| 260 |
_aLima : _bComisión nacional del sesquicentenario de la independencia del Perú, _c1976. |
||
| 300 |
_a377 páginas ; _c24 cm. |
||
| 440 |
_aColección documental de la independencia del Perú _921856 |
||
| 650 |
_aColección. _92826 |
||
| 650 |
_aIndependencia. _9625 |
||
| 650 |
_aRevolución. _9844 |
||
| 650 |
_aCancillería extranjera. _923661 |
||
| 700 |
_aNenegri Luna, Felix (Edición y prologo) _923662 |
||
| 942 |
_2ddc _cLIBROS |
||
| 945 | _awfj | ||